Reminiscences of a Pilgrim of Life, an Autobiography (Record no. 6012)

MARC details
000 -LEADER
fixed length control field 00577nam a2200229 a 4500
020 ## - INTERNATIONAL STANDARD BOOK NUMBER
ISBN
082 00 - DEWEY DECIMAL CLASSIFICATION NUMBER
Classification number 201
Author Cutter JES
100 ## - MAIN ENTRY--AUTHOR NAME
Author name Jesudason, S
245 ## - TITLE STATEMENT
Title Reminiscences of a Pilgrim of Life, an Autobiography
260 ## - PUBLICATION, DISTRIBUTION, ETC. (IMPRINT)
Place of publication Madras
Name of publisher Chandler Printing Press
Year of publication 1940
300 ## - PHYSICAL DESCRIPTION
Number of Pages 156p
500 ## - GENERAL NOTE
General note includes index and biblioraphy
505 2# - FORMATTED CONTENTS NOTE
Formatted contents note Index, Bibliography
942 ## - ADDED ENTRY ELEMENTS (KOHA)
Koha item type Books
700 1# -
-- Jesudason, S
Holdings
Home library Current library Date acquired Cost, normal purchase price Full call number Accession Number Koha item type
Henry Martyn Institute Library Henry Martyn Institute Library 03/19/2007 100.00 201 JES 7185 Archive Book
                   Copyright © 2026 | Henry Martyn Institute | Hyderabad | TS-500052 | INDIA | Implemented by hmi.edu.in
Hit-Count:

Powered by Koha